[Event "BL2 Ost 0809 (Women)"]
[Site "Germany"]
[Date "2009.03.07"]
[Round "6.2"]
[White "Just, Gabriele"]
[Black "Sikorska, Agata"]
[Result "1-0"]
[WhiteElo "1998"]
[BlackElo "2110"]
[PlyCount "149"]
[EventDate "2008.11.08"]
[EventType "team-tourn"]
[EventRounds "7"]
[EventCountry "GER"]
[SourceTitle "EXT 2010"]
[Source "ChessBase"]
[SourceDate "2010.11.25"]
[SourceVersion "1"]
[SourceVersionDate "2010.11.25"]
[SourceQuality "1"]
[WhiteTeam "Leipzig Mitte (W)"]
[BlackTeam "Guben (W)"]
[WhiteTeamCountry "GER"]
[BlackTeamCountry "GER"]

1. f4 c5 2. Nf3 Nc6 3. e3 d5 4. Bb5 Qb6 5. Bxc6+ Qxc6 6. 0-0 Nf6 7. Qe1 e6 8. d3 Be7 9. Nbd2 0-0 10. e4 dxe4 11. dxe4 b5 12. Kh1 Bb7 13. Ne5 Qc7 14. Qe2 c4 15. c3 h5 16. a4 a6 17. h3 Rfd8 18. Re1 g6 19. Qf3 Nd7 20. Nxd7 Rxd7 21. Qg3 Rad8 22. Nf3 Rd3 23. axb5 axb5 24. Kh2 Qc5 25. Re2 Bf6 26. Bd2 Bg7 27. Rae1 Qb6 28. Be3 Qc6 29. Bc1 Qc8 30. Qg5 Bc6 31. Nh4 Qc7 32. Kh1 Qd6 33. Nf3 b4 34. cxb4 Qxb4 35. f5 exf5 36. exf5 R8d5 37. Nh4 Rxh3+ 38. Kg1 Rxh4 39. Qxh4 Qb6+ 40. Be3 Qb5 41. fxg6 fxg6 42. Qe7 Rf5 43. Rd1 Rd5 44. Rf1 Rd7 45. Qe6+ Kh7 46. Rf7 Rxf7 47. Qxf7 Qe5 48. Qa7 Qe4 49. Rd2 Qb1+ 50. Kh2 Qe4 51. Kg1 Qb1+ 52. Kf2 Qe4 53. Ke1 h4 54. Re2 Qb1+ 55. Kf2 Qe4 56. Ke1 Qb1+ 57. Kf2 Qh1 58. Bd4 Qxg2+ 59. Ke1 Qg3+ 60. Rf2 Qg1+ 61. Kd2 Qg5+ 62. Kc3 Qe3+ 63. Kxc4 Qe6+ 64. Kc3 Qe3+ 65. Kc4 Qe6+ 66. Kb4 Qd6+ 67. Kc3 Qg3+ 68. Kc4 Bb5+ 69. Kxb5 Qb3+ 70. Kc5 Qe6 71. Rf7 Qc8+ 72. Kb4 Kh6 73. Bxg7+ Kh5 74. Qc5+ Qxc5+ 75. Kxc5 1-0